|
|
|
|
| LEADER |
01565nam a2200301 a 4500 |
| 001 |
15389 |
| 003 |
BD-DhAAL |
| 008 |
090909s2000 bg a b i000 0 eng d |
| 999 |
|
|
|c 3863
|d 3863
|
| 010 |
|
|
|a \\\00440694
|
| 020 |
|
|
|a 9840515721
|
| 040 |
|
|
|a DLC
|c DLC
|d BD-DhAAL
|
| 082 |
0 |
0 |
|a 370/.9549/2
|2 21
|
| 245 |
0 |
0 |
|a Bangladesh education sector review.
|
| 260 |
|
|
|a Dhaka :
|b Published for the World Bank [by] University Press,
|c 2000.
|
| 300 |
|
|
|a vii, 107 pages :
|b ill. ;
|c 28 cm.
|
| 362 |
0 |
|
|a Vol. III
|
| 504 |
|
|
|a Includes bibliographical references.
|
| 526 |
|
|
|a BIED
|
| 541 |
1 |
|
|a Complimentary copy from BIED
|e 15389, 36239, 36240
|
| 650 |
|
0 |
|a Education
|z Bangladesh.
|9 36476
|
| 710 |
2 |
|
|a World Bank.
|9 36477
|
| 852 |
4 |
|
|a Ayesha Abed Library
|j General Stacks
|
| 942 |
|
|
|2 ddc
|c BK
|
| 952 |
|
|
|0 0
|1 0
|2 ddc
|4 0
|6 370_954920000000000_BAN_2000
|7 0
|9 3515
|a BRACUL
|b BRACUL
|c GEN
|d 2009-09-13
|g 735.00
|l 0
|o 370.95492 BAN
|p 3010015389
|r 2009-09-13
|t 1
|w 2009-09-13
|y BK
|
| 952 |
|
|
|0 0
|1 0
|2 ddc
|4 0
|6 370_954920000000000_BAN_2000
|7 0
|9 9840
|a BRACUL
|b BRACUL
|c GEN
|d 2010-05-06
|l 0
|o 370.95492 BAN
|p 3010007803
|r 2010-05-06
|t 2
|w 2010-05-06
|y BK
|
| 952 |
|
|
|0 0
|1 0
|2 ddc
|4 0
|6 370_954920000000000_BAN
|7 0
|9 66913
|a BRACUL
|b BRACUL
|c GEN
|d 2019-10-24
|e Complimentary copy from BIED
|l 0
|o 370.95492 BAN
|p 3010036239
|r 2019-10-24
|t 3
|w 2019-10-24
|y BK
|x Transferred from BIED to General Stacks
|
| 952 |
|
|
|0 0
|1 0
|2 ddc
|4 0
|6 370_954920000000000_BAN
|7 0
|9 66914
|a BRACUL
|b BRACUL
|c GEN
|d 2019-10-24
|e Complimentary copy from BIED
|l 0
|o 370.95492 BAN
|p 3010036240
|r 2019-10-24
|t 4
|w 2019-10-24
|y BK
|x Transferred from BIED to General Stacks
|